000
00357nam a2200145Ia 4500
005
20250923144416.0
008
008 250917s9999 xx 000 0 eng d
037
_a
Textual
040
_a
DSWL
_b
eng
_c
DSWL
041
_a
eng
_2
eng
084
_q
DSWL
245
0
_a
Ministry of national insurance Act,1944
942
_c
TEXL
999
_c
1438486
_d
1438486